000 00428nam a2200181Ia 4500
008 210210b1984 xxu||||| |||| 00| 0 eng d
082 _a591.824 BERT
100 _aBERRY (A K).
245 _aTextbook of animal histology.
260 _aDelhi.
_bEmkay Publications.,
_c1984
300 _aviii,182
650 _aTextbook
650 _aof
650 _ahistology.
650 _aanimal
690 _aZoology
906 _a038321
999 _c88214
_d88214